Les homonymes dans la langue française - lettre T - Statistiques

Statistiques générales
  • Ce quiz a été pris 167 fois
  • Le résultat moyen est 28 sur 33
Statistiques - réponses
Mot Indice Homonyme % Correct
taire après bis ter
98%
boisson thé
98%
tau de bon matin tôt
98%
tante abri tente
97%
taie adjectif possessif tes
97%
traque peur trac
97%
ta amas tas
96%
toi abri toit
96%
tant durée temps
95%
taire sol terre
95%
tic pou de bois tique
94%
toc sur la tête du chef toque
94%
tout grippe toux
94%
trait beaucoup très
94%
taro jeu de cartes tarot
93%
tram complot trame
93%
tir bagnole tire
92%
taule ondulée pour le toit tôle
92%
Thrace indice trace
91%
taon adjectif possessif ton
90%
taon poisson thon
89%
tard défaut tare
88%
trop allure trot
88%
terme bains thermes
86%
tain couleur teint
85%
tain plante thym
82%
taure erreur tort
82%
tirant despote tyran
82%
tribu servitude tribut
80%
tau indice taux
78%
tain soutien tin
61%
taro écrou taraud
28%
taco poisson tacaud
26%
Aucun quiz correspondant
Distribution des résultats
% des personnes avec chaque résultat
Percentile par nombre de réponses
Votre historique - résultats
Vous n’avez pas pris ce quiz